Michigan Women's Basketball: Top 10 All-Time Leaders - Statistics

General Stats
  • This quiz has been taken 2 times
  • The average score is 3 of 86
Answer Stats
Category # Player Amount % Correct
Steals 10 Akienreh Johnson 111
50%
Points 2 Naz Hillmon 2,183
50%
Rebounds 1 Naz Hillmon 1,063
50%
Steals 9 Naz Hillmon 112
50%
Field Goal Percent 2 Naz Hillmon 59.4%
50%
Points Per Game 2 Naz Hillmon 18.3
50%
Assists 4 Amy Dilk 388
0%
Three Pointers Made 6 Carly Benson 164
0%
Points 7 Carmen Reynolds 1,167
0%
Three Pointers Made 3 Carmen Reynolds 205
0%
Games T10 Courtney Boylan 125
0%
Rebounds 7 Cyesha Goree 690
0%
Field Goal Percent 3 Cyesha Goree 54.4%
0%
Points Per Game 10 Cyesha Goree 11.2
0%
Rebounds 10 Emily Kiser 536
0%
Blocks 9 Emily Kiser 67
0%
Blocks 5 Hailey Brown 86
0%
Three Pointers Made 8 Hailey Brown 143
0%
Points 3 Hallie Thome 2,081
0%
Rebounds 2 Hallie Thome 885
0%
Blocks 1 Hallie Thome 202
0%
Field Goal Percent 1 Hallie Thome 60.0%
0%
Points Per Game 5 Hallie Thome 15.0
0%
Games 3 Hallie Thome 139
0%
Points 5 Jennifer Smith 1,424
0%
Rebounds 8 Jennifer Smith 618
0%
Field Goal Percent 4 Jennifer Smith 50.5%
0%
Points Per Game 3 Jennifer Smith 16.8
0%
Rebounds 6 Jenny Ryan 698
0%
Assists 2 Jenny Ryan 489
0%
Steals 1 Jenny Ryan 291
0%
Games 8 Jenny Ryan 130
0%
Assists 5 Jessica Minnfield 387
0%
Steals 3 Jessica Minnfield 164
0%
Three Pointers Made 9 Jessica Minnfield 138
0%
Rebounds 3 Jillian Dunston 862
0%
Steals 5 Jillian Dunston 157
0%
Games 4 Jillian Dunston 138
0%
Points 1 Katelynn Flaherty 2,776
0%
Assists 3 Katelynn Flaherty 400
0%
Steals 6 Katelynn Flaherty 142
0%
Three Pointers Made 1 Katelynn Flaherty 410
0%
Field Goal Percent 5 Katelynn Flaherty 43.5%
0%
Points Per Game 1 Katelynn Flaherty 19.8
0%
Games 2 Katelynn Flaherty 140
0%
Blocks 4 Kate Thompson 90
0%
Three Pointers Made 4 Kate Thompson 198
0%
Points 8 Krista Phillips 1,090
0%
Rebounds 5 Krista Phillips 707
0%
Blocks 2 Krista Phillips 176
0%
Games 9 Krista Phillips 127
0%
Points Per Game 8 Laila Phelia 12.4
0%
Blocks 8 LeeAnn Bies 70
0%
Points Per Game 7 LeeAnn Bies 13.2
0%
Points 9 Leigha Brown 1,071
0%
Assists 8 Leigha Brown 268
0%
Points Per Game 4 Leigha Brown 16.5
0%
Three Pointers Made 7 Maddie Nolan 148
0%
Assists 6 Madison Ristovski 316
0%
Games 5 Madison Ristovski 137
0%
Rebounds 4 Nicole Elmblad 738
0%
Assists 10 Nicole Elmblad 244
0%
Steals 7 Nicole Elmblad 128
0%
Games 7 Nicole Elmblad 133
0%
Steals 8 Nicole Munger 125
0%
Three Pointers Made 5 Nicole Munger 183
0%
Games 6 Nicole Munger 136
0%
Points 6 Rachel Sheffer 1,197
0%
Blocks 6 Rachel Sheffer 82
0%
Games T10 Rachel Sheffer 125
0%
Blocks 10 Sam Arnold 53
0%
Assists 7 Shannon Smith 273
0%
Points Per Game 6 Shannon Smith 13.7
0%
Points 4 Siera Thompson 1,454
0%
Assists 1 Siera Thompson 553
0%
Steals 4 Siera Thompson 160
0%
Three Pointers Made 2 Siera Thompson 240
0%
Games 1 Siera Thompson 141
0%
Blocks 3 Stephany Skrba 104
0%
Rebounds 9 Tabitha Pool 556
0%
Blocks 7 Val Driscoll 75
0%
Points 10 Veronica Hicks 1,057
0%
Assists 9 Veronica Hicks 262
0%
Steals 2 Veronica Hicks 167
0%
Three Pointers Made 10 Veronica Hicks 135
0%
Points Per Game 9 Veronica Hicks 12.0
0%
No matching quizzes found
Score Distribution
Percent of People with Each Score
Percentile by Number Answered
Your Score History
You have not taken this quiz